HD Publicación cientifica del Hospital Durand (Registro nro. 1188)
[ vista simple ]
| 000 -LEADER | |
|---|---|
| fixed length control field | 00550nas a22001697a 4500 |
| 008 - CAMPO DE CONTROL RECURSOS CONTINUADOS | |
| fixed length control field | 130227t20059999ag ||||| |||| 00| 0 spa d |
| 022 ## - INTERNATIONAL STANDARD SERIAL NUMBER | |
| International Standard Serial Number | 1666-3799 |
| 245 ## - TITULO | |
| Titulo | HD Publicación cientifica del Hospital Durand |
| 260 ## - PUBLICACION, DISTRIBUCION, ETC. (PIE DE IMPRENTA) | |
| Lugar de publicación, distribución, etc | Buenos Aires: |
| Nombre de la editorial, distribuidor, etc. | Comité de Docencia e Investigación del Hospital Durand, |
| Fecha de publicación | 2005 |
| 300 ## - DESCRIPCION FISICA | |
| Extensión | v. : |
| 310 ## - FRECUENCIA ACTUAL DE LA PUBLICACION | |
| Frecuencia actual de la publicación | trimestral |
| 546 ## - NOTA DE IDIOMA | |
| Nota de lenguaje | español |
| 590 ## - NOTAS LOCALES (RLIN) | |
| Nota local | Indizada en LILACS |
| 590 ## - NOTAS LOCALES (RLIN) | |
| Nota local | Existencias: 2005 3(1-4); 2006 4(1)<br/>BAJA DEPOSITO (CAJA 17) MAYO 2019<br/> |
| 650 ## - MATERIA-TERMINO TEMATICO | |
| Término temático | MEDICINA INTERNA |
| 9 (RLIN) | 1738 |
| 942 ## - ADDED ENTRY ELEMENTS (KOHA) | |
| Source of classification or shelving scheme | Dewey Decimal Classification |
| Item type | Continuing Resources |
No hay ítems disponibles.